| 000 | 01525nam a2200421 i 4500 | ||
|---|---|---|---|
| 001 | 194084 | ||
| 003 | SpMaBN | ||
| 005 | 20250812014146.0 | ||
| 007 | ta | ||
| 008 | 240410s2006 sp | ||| ||spa | ||
| 016 | 7 |
_abimoBNE20060966595 _2SpMaBN |
|
| 017 |
_aB 26547-2006 _bOficina Depósito Legal Barcelona |
||
| 020 | _a8484283089 | ||
| 035 | _a(OCoLC)71820937 | ||
| 035 | _aMimo0002264178 | ||
| 040 |
_aSpMaBN _bspa _cSpMaBN _erdc _dES-MaACL |
||
| 080 | _a792.028 | ||
| 100 | 1 |
_aChejov, Mijail, _d1891-1955 _0XX888723 _9235721 |
|
| 245 | 1 | 0 |
_aLecciones para el actor profesional / _cMichael Chejov ; a partir de una recopilación de apuntes transcritos y ordenados por Deirdre Hurst du Prey ; traducción, David Luque. |
| 250 | _a1ª ed. | ||
| 260 |
_aBarcelona : _bAlba, _c2006. |
||
| 300 |
_a298 p. ; _c21 cm |
||
| 336 |
_2rdacontent _atexto |
||
| 337 |
_2rdamedia _asin mediación |
||
| 338 |
_2rdacarrier _avolumen |
||
| 490 | 1 | _aA artes escénicas | |
| 500 | _aTraducción de: Lessons for the professional actor | ||
| 650 | 7 |
_aArte dramático _2embne _910180 |
|
| 700 | 1 |
_aHurst du Prey, Deirdre _9235722 |
|
| 830 |
_9228857 _aArtes escénicas |
||
| 852 |
_aES-MaACL _cDEPO1 _jA-15328 _hDonación: Candela Arroyo _9201608 |
||
| 903 |
_9235711 _aArroyo, Candela _ednr |
||
| 942 |
_n0 _cMONOGRAFIA |
||
| 999 |
_c194084 _d194084 |
||